Pensamiento y dinámica de la Revolución Mexicana (Record no. 7119)

MARC details
000 -CABECERA
campo de control de longitud fija 00943nam a2200277 a 4500
001 - NÚMERO DE CONTROL
campo de control BRCA_7443
005 - FECHA Y HORA DE LA ÚLTIMA TRANSACCIÓN
campo de control 20190320205834.0
008 - DATOS DE LONGITUD FIJA--INFORMACIÓN GENERAL
campo de control de longitud fija 110413s1950----mx-c######---#000-0#spa-#
041 ## - CÓDIGO DE LENGUA
Código de lengua del texto/banda sonora o título independiente spa
044 ## - CÓDIGO DEL PAÍS DE LA ENTIDAD EDITORA/PRODUCTORA
Código MARC del país mx
050 #4 - SIGNATURA TOPOGRÁFICA DE LA BIBLIOTECA DEL CONGRESO
Número de clasificación F1234
Número de documento/Ítem .B48 1950
100 1# - ENTRADA PRINCIPAL--NOMBRE DE PERSONA
Nombre de persona Beteta, Ramon
9 (RLIN) 12948
245 10 - MENCIÓN DE TÍTULO
Título Pensamiento y dinámica de la Revolución Mexicana
Resto del título antología de documentos politicosociales
Mención de responsabilidad, etc. Ramon Beteta.
260 ## - PUBLICACIÓN, DISTRIBUCIÓN, ETC.
Lugar de publicación, distribución, etc. [México]
Nombre del editor, distribuidor, etc. México Nuevo
Fecha de publicación, distribución, etc. 1950
300 ## - DESCRIPCIÓN FÍSICA
Extensión 579 p.
Otras características físicas il., retratos
500 ## - NOTA GENERAL
Nota general Retrato al óleo del Sr. Beteta hecho por David Alfaro Siqueiros
500 ## - NOTA GENERAL
Nota general Dedicatoria del autor al Sr. Franz Mayer
500 ## - NOTA GENERAL
Nota general Ejemplar numerado 2,369 de 5,000
500 ## - NOTA GENERAL
Nota general Q196
651 #4 - PUNTO DE ACCESO ADICIONAL DE MATERIA--NOMBRE GEOGRÁFICO
Nombre geográfico México
Subdivisión general Política y gobierno
Subdivisión cronológica 1910-1946
9 (RLIN) 9549
651 #4 - PUNTO DE ACCESO ADICIONAL DE MATERIA--NOMBRE GEOGRÁFICO
Nombre geográfico México
Subdivisión general Condiciones sociales
9 (RLIN) 810
651 #4 - PUNTO DE ACCESO ADICIONAL DE MATERIA--NOMBRE GEOGRÁFICO
Nombre geográfico México
Subdivisión general Condiciones económicas
9 (RLIN) 2842
700 1# - PUNTO DE ACCESO ADICIONAL--NOMBRE DE PERSONA
Nombre de persona Alfaro Siqueiros, David
9 (RLIN) 18330
902 ## - CATALOGADOR
Iniciales GFM
942 ## - ELEMENTOS DE PUNTO DE ACCESO ADICIONAL (KOHA)
Fuente del sistema de clasificación o colocación Library of Congress Classification
Tipo de ítem Koha Libros
Holdings
Estado de retiro Estado de pérdida Estado dañado No para préstamo Localización permanente Ubicación/localización actual Fecha de adquisición Número de inventario Total de préstamos Signatura topográfica completa Código de barras Fecha visto por última vez Precio válido a partir de Tipo de ítem Koha
El ejemplar forma parte de la colección y puede ser consultado según las políticas vigentes.       Biblioteca del Museo Franz Mayer (Rogerio Casas-Alatriste) Biblioteca del Museo Franz Mayer (Rogerio Casas-Alatriste) 09/04/2013 Q196   F1234 .B48 1950 (Q196) 8046 22/03/2019 22/03/2019 Libros